[Event "XII Sabadell Open 2019"]
[Site "Sabadell"]
[Date "2019.09.10"]
[Round "9.2"]
[White "Oliva Castaneda, Kevel"]
[Black "Sanchez, Sebastian Felipe"]
[Result "1-0"]
[WhiteElo "2470"]
[BlackElo "2413"]
[Annotator "TA"]
[PlyCount "87"]
[EventDate "2019.09.01"]
[EventCountry "ESP"]
[SourceTitle "playchess.com"]
[Source "ChessBase"]
[SourceQuality "1"]

{[%evp 11,87,12,15,-13,0,0,12,10,40,56,60,49,50,44,134,122,150,139,180,171,235,231,257,257,254,255,263,263,257,257,252,254,275,260,324,320,312,250,320,325,327,305,356,368,351,348,396,406,419,406,415,404,620,613,605,607,789,774,829,822,818,798,882,879,1079,1076,1346,1366,1360,1310,1302,1297,1268,1235,1515,956,883,855]} 1. d4 e6 2. e4 d5 3. Nd2 Nf6 4. e5 Nfd7 5. f4 c5 6. Ngf3 Nc6 7. Nb3 {C05: French Tarrasch: 3...Nf6 4 e5 Nfd7, 5 f4 and 5 Bd3 sidelines} c4 8. Nbd2 h6 (8... Qa5 9. c3 b5 10. Be2 b4 11. Nb1 Nb6 12. O-O Bd7 13. Kh1 Be7 14. Bd2 Rb8 15. cxb4 Nxb4 {1-0 (37) Mamedov,R (2659)-Wang,H (2729) Dubai 2014}) 9. Be2 {The position is equal.} g5 10. Nf1 {[%cal Rf4g5]} g4 11. Ng1 $1 Rg8 12. h3 Qa5+ $146 {[#]} (12... gxh3 $14 13. g3 Qa5+ 14. c3 b5) ({Predecessor:} 12... gxh3 13. g3 Qa5+ 14. c3 b5 {1-0 (31) Gavrilescu,D (2436)-Nastase,R (2330) Calimanesti Caciulata 2018}) 13. c3 $1 $16 g3 14. Be3 b5 {[#]} 15. a3 $1 Nb6 (15... Qa4 $142 16. f5 Nb6) 16. Bg4 $18 Na4 17. Qc2 Be7 18. Nf3 Bd7 19. Nxg3 O-O-O 20. O-O Rh8 21. f5 Rdg8 22. Nh5 Nd8 23. f6 Bf8 24. Qd2 Rh7 25. Nh2 Nc6 {[%cal Bd8c6,Bc6a5,Ba5b3][%mdl 32]} 26. Bd1 Qb6 27. Ng4 Na5 28. Rb1 Qc7 29. Bc2 Nb3 30. Qf2 ({Not} 30. Bxh7 Nxd2 31. Bxg8 (31. Bxd2 Rh8 $14) 31... Nxf1 $18) 30... Rhh8 {[#]} 31. Ng7 $1 {[%mdl 512]} Bxg7 (31... h5 $142 32. Nh6 Rxh6 33. Bxh6 Rh8) 32. fxg7 {White is clearly winning.} Rxg7 33. Nxh6 Be8 34. Qf6 Rgh7 35. Bxh7 Rxh7 36. Qg5 f5 37. exf6 {aiming for Qg8.} Bf7 38. Bf4 Qb7 39. Nxf7 Qxf7 40. Qe5 {White wants to mate with Qb8+.} Kb7 41. Qb8+ Ka6 42. Qc8+ Ka5 43. Qd8+ Nb6 44. Rbe1 {Accuracy: White = 84%, Black = 34%.} 1-0

[Event "XII Sabadell Open 2019"]
[Site "Sabadell"]
[Date "2019.09.10"]
[Round "9.3"]
[White "Arenas, David"]
[Black "Valderrama Quiceno, Esteban Alb"]
[Result "1/2-1/2"]
[WhiteElo "2454"]
[BlackElo "2407"]
[Annotator "TA"]
[PlyCount "57"]
[EventDate "2019.09.01"]
[EventCountry "ESP"]
[SourceTitle "playchess.com"]
[Source "ChessBase"]
[SourceQuality "1"]

{[%evp 12,57,0,0,9,0,0,0,0,0,10,0,0,0,0,0,0,-25,0,-53,-10,-26,-15,-31,18,0,30,9,25,0,0,0,11,0,39,0,14,0,0,-15,-21,-30,-16,-28,-22,-20,-14,-52]} 1. e4 e5 2. Nf3 Nf6 3. Nxe5 d6 4. Nc4 Nxe4 5. Nc3 Nxc3 6. bxc3 Be7 7. d4 O-O {C42: Petroff Defence: 3 Nxe5 and unusual White 3rd moves} 8. Bd3 Nd7 9. O-O d5 10. Ne3 Nf6 11. Rb1 $146 ({Predecessor:} 11. Nf5 Bxf5 12. Bxf5 Re8 13. Re1 c6 14. Rb1 b5 15. g3 {½-½ (51) Nakamura,H (2777)-Aronian,L (2767) chess.com INT 2018}) 11... c6 12. c4 Re8 13. c3 b6 14. Qf3 Be6 15. Bd2 (15. cxd5 $11 cxd5 16. Nf5) 15... Bf8 16. cxd5 cxd5 17. Rfd1 Rc8 (17... Ne4 $5) 18. Ba6 Rc7 19. Bb5 Ree7 20. Be1 Rc8 21. c4 Rec7 {[%cal Rd5c4]} 22. h3 g6 23. c5 Rb8 24. cxb6 axb6 25. a4 Ra8 26. Rdc1 Ne4 27. Rxc7 Qxc7 28. Qd1 Bg7 29. Rc1 {Accuracy: White = 38%, Black = 68%.} 1/2-1/2

[Event "XII Sabadell Open 2019"]
[Site "Sabadell"]
[Date "2019.09.10"]
[Round "9.4"]
[White "Stella, Andrea"]
[Black "Avila Pavas, Santiago"]
[Result "1/2-1/2"]
[WhiteElo "2487"]
[BlackElo "2412"]
[Annotator "TA"]
[PlyCount "87"]
[EventDate "2019.09.01"]
[EventCountry "ESP"]
[SourceTitle "playchess.com"]
[Source "ChessBase"]
[SourceQuality "1"]

{[%evp 18,87,46,39,76,68,99,83,112,102,130,130,124,127,112,91,91,85,82,83,89,90,104,67,72,65,65,69,81,81,81,81,86,79,82,77,83,77,85,81,104,83,85,61,93,86,93,60,58,0,0,0,0,0,0,0,0,0,0,0,116,0,0,0,0,0,0,0,0,0,0,0]} 1. d4 Nf6 2. c4 c5 3. d5 b5 4. cxb5 a6 5. e3 g6 6. Nc3 Bg7 7. a4 O-O 8. Nf3 e6 9. dxe6 fxe6 10. Qd6 axb5 {A57: Benko/Volga Gambit} 11. Bxb5 Na6 12. e4 Bb7 {White is better.} 13. O-O Nc7 14. Bg5 (14. Qxc5 Nxb5 15. Nxb5 Nxe4 $11) 14... Nxb5 15. axb5 {Strongly threatening e5.} Qb8 $146 ({Predecessor:} 15... Rxa1 16. Rxa1 Qc8 17. Bxf6 Bxf6 18. Ne5 {½-½ (40) Sanzhaev,D (2348)-Marek,M (2200) Batumi 2014}) 16. Qxb8 ({But not} 16. Qxc5 $6 Nxe4 17. Nxe4 Bxe4 $11) 16... Rfxb8 17. Nd2 Ne8 18. Be3 d6 19. f3 Nc7 20. b6 Na6 21. Nb5 d5 22. exd5 Bxd5 23. Nc7 Nxc7 24. bxc7 Rc8 25. Rxa8 Bxa8 26. Bxc5 {And now Bd6 would win.} Rxc7 27. b4 Bd5 28. Ne4 Rb7 29. Rd1 h6 30. Rd3 Bb2 31. Nc3 Bc6 32. Rd8+ Kf7 33. Ne4 (33. Nd1 $14 Bg7 34. Rc8) 33... Bxe4 $1 $11 34. fxe4 {[%mdl 4096] Endgame KRB-KRB} Bc3 35. Rf8+ Kg7 36. Rf3 Bxb4 37. Bd4+ Kh7 38. Rb3 {e5 is the strong threat.} Rb8 {[#]} (38... e5 $1 $11 39. Be3 Rb8) 39. Kf1 ({Only move:} 39. e5 $1 $16) 39... Bd6 {The position is equal.} 40. Rxb8 Bxb8 41. Kf2 g5 ({And not} 41... Bxh2 42. g3 $16) 42. h3 h5 43. Kf3 Kg6 44. Bc3 {Accuracy: White = 57%, Black = 65%.} 1/2-1/2

[Event "XII Sabadell Open 2019"]
[Site "Sabadell"]
[Date "2019.09.10"]
[Round "9.5"]
[White "Harikrishnan.A.Ra"]
[Black "Valdes Romero, Leonardo"]
[Result "1-0"]
[WhiteElo "2422"]
[BlackElo "2399"]
[Annotator "TA"]
[PlyCount "103"]
[EventDate "2019.09.01"]
[EventCountry "ESP"]
[SourceTitle "playchess.com"]
[Source "ChessBase"]
[SourceQuality "1"]

{[%evp 24,103,40,44,39,16,2,8,20,16,22,21,38,8,0,6,7,5,31,0,30,17,48,24,51,27,46,40,41,27,28,34,32,17,36,46,52,8,6,0,47,55,42,49,62,59,110,93,282,257,279,274,262,262,264,181,943,925,838,0,2937,2846,2843,2589,29981,29982,29982,29983,29983,29982,29984,29985,29985,29986,29987,29988,29988,29987,29987,29988,29988,29989]} 1. Nf3 d6 2. d4 Nf6 3. g3 Nbd7 4. Bg2 e5 5. c4 Be7 6. Nc3 O-O 7. O-O c6 8. e4 a6 9. a4 a5 10. h3 Re8 11. Be3 exd4 12. Nxd4 Nc5 13. Qc2 Bf8 {A55: Old Indian Defence with Nf3 and e4} 14. Nb3 (14. Rad1 Qb6 15. g4 g6 16. g5 Nh5 17. f4 Be6 18. Nxe6 Rxe6 19. Qf2 f5 20. gxf6 Rxf6 21. f5 {½-½ (29) Sorokin,A (2522)-Khismatullin,D (2617) St Petersburg 2018}) 14... Nxb3 $146 ({Predecessor:} 14... Nfd7 15. Nxc5 Nxc5 16. Bxc5 dxc5 17. b3 Qc7 18. f4 f6 19. e5 fxe5 {1-0 (45) Sher,M-Ivanov,A Leningrad 1976}) 15. Qxb3 Nd7 {The position is equal.} 16. Rad1 Qc7 17. Qc2 b6 18. f4 Ba6 19. Ne2 Rac8 20. Rfe1 Nc5 21. Bd4 Ne6 22. Bf2 Nc5 23. b3 g6 24. Bd4 Bg7 25. Bxg7 Kxg7 26. Qc3+ Kg8 27. Nd4 Bb7 28. g4 Rcd8 29. Qg3 Ne6 30. Nf3 Nc5 31. Nd4 Ne6 32. f5 Nxd4 33. Rxd4 c5 34. Rd2 Qe7 (34... f6 $14) 35. Red1 $1 $16 Qg5 $2 {[#]} (35... Ba8 $16) 36. h4 $1 $18 {[%cal Rh4g5]} (36. Rxd6 Rxd6 37. Rxd6 Bxe4 $11) 36... Qe7 37. Rxd6 Rxd6 38. Qxd6 Qxh4 39. Qd7 ({Avoid the trap} 39. Qxb6 $2 Bxe4 40. Qb5 Rf8 $19) 39... Re7 $2 (39... Qe7) 40. Qd8+ {[%mdl 64] Double Attack} Kg7 {[#]} 41. e5 $2 (41. Rf1 $1 $18 gxf5 42. gxf5) 41... Qxg4 $2 {[%mdl 8192]} (41... gxf5 $11 42. gxf5 (42. Bxb7 Qg3+ 43. Bg2 Qe3+ 44. Kh1 Qh6+ 45. Kg1 Qe3+ {[%mdl 64] Double Attack} 46. Kh1 Qh6+ 47. Kg1 Qe3+ $11 {[%mdl 64] Double Attack}) 42... Qg5 {[%mdl 64] Double Attack} 43. f6+ Kh6 44. Qf8+ Kh5) 42. f6+ {[%mdl 64] Double Attack} Kh6 43. Qd2+ g5 44. fxe7 {White mates.} Bxg2 45. Qxg2 ({Worse is} 45. Qd6+ Kh5 $11) 45... Qxd1+ {[%mdl 4096] Endgame KQ-KQ} 46. Kh2 Kg6 47. Qe4+ Kg7 48. e8=Q Qd2+ 49. Kg3 h5 {[#]} 50. Qf3 $1 Qe1+ {[#]} 51. Kg2 $1 Qd2+ 52. Qf2 {Accuracy: White = 63%, Black = 33%.} 1-0

[Event "XII Sabadell Open 2019"]
[Site "Sabadell"]
[Date "2019.09.10"]
[Round "9.6"]
[White "Lorenzo De La Riva, Lazaro"]
[Black "Martinez Romero, Martin"]
[Result "0-1"]
[WhiteElo "2392"]
[BlackElo "2421"]
[Annotator "TA"]
[PlyCount "84"]
[EventDate "2019.09.01"]
[EventCountry "ESP"]
[SourceTitle "playchess.com"]
[Source "ChessBase"]
[SourceQuality "1"]

{[%evp 12,84,43,47,62,46,49,58,58,24,52,14,13,0,0,-9,-4,-3,5,14,16,-20,10,19,22,16,106,112,100,100,95,67,39,37,19,10,80,75,144,151,148,147,184,189,278,274,359,350,342,302,304,62,83,74,72,-114,-134,-111,-119,-279,-192,-193,-191,-556,-542,-1569,-1534,-5218,-5218,-5214,-5157,-5218,-5218,-5206,-5206]} 1. d4 d6 2. e4 Nf6 3. Bd3 e5 4. c3 Nc6 5. Nf3 Be7 6. Nbd2 O-O 7. O-O h6 {C44: Ponziani Opening and Scotch Gambit} 8. h3 Re8 9. Re1 Bf8 {White is slightly better.} 10. a4 $146 ({Predecessor:} 10. Nf1 a6 11. Ng3 Bd7 12. Be3 Na7 13. b4 {½-½ (13) Kuporosov,V (2500)-Gipslis,A (2475) Brno 1991}) 10... Nh5 11. Bb5 a6 12. Bxc6 bxc6 13. dxe5 dxe5 14. Nc4 Qf6 15. Nh2 $36 {[%mdl 2048] White has good play.} Nf4 16. Ng4 Bxg4 17. Qxg4 Nd3 18. Re2 h5 (18... Bc5 $11 19. Be3 Bxe3 20. Nxe3 h5) 19. Qxh5 $16 Qe6 20. Na5 $1 c5 21. Re3 Rad8 22. Qe2 c4 23. b4 Nf4 (23... Be7 $11) 24. Qf1 Rd3 ({Better is} 24... Nd3) 25. Rxd3 Nxd3 26. Be3 c6 27. Qe2 Rd8 (27... Nf4 $142 28. Bxf4 (28. Qxc4 Qxc4 29. Nxc4 Ne2+ {[%mdl 64] Double Attack} 30. Kf1 Nxc3 $16) 28... exf4) 28. Qa2 $18 c5 {[#]} 29. b5 $1 ({Less strong is} 29. Qxc4 Qxc4 30. Nxc4 cxb4 $16) ({Weaker is} 29. Nxc4 cxb4 30. cxb4 Nxb4 $14) 29... axb5 30. axb5 Ra8 31. Rd1 $2 ({White should play} 31. Rb1 $18) 31... Nf4 $14 {White should prevent ...Qb6.} 32. Bxf4 exf4 {[#]} 33. Rb1 $2 (33. b6 $1 $16 {[%cal Rb6b7] stays on course.} Qxb6 34. Nxc4 {[%mdl 64] Discovered Attack} Rxa2 35. Nxb6) 33... Qxe4 $17 34. Ra1 f3 {Threatens to win with ...Bd6.} 35. gxf3 $2 (35. g3 $17) 35... Qxf3 {And now ...Bd6 would win.} 36. Qxc4 {intending b6.} Qxh3 {...Bd6 is the strong threat.} 37. Qd5 $2 (37. Qe4 {was the crucial defense.} Rd8 38. Nc6) 37... Re8 $19 {White must now prevent ...Re6.Black is clearly winning.} 38. b6 {White wants to play b7.} Re6 {( -> ...Rg6+)} 39. Qxe6 Qxe6 40. b7 Bd6 41. Kf1 Qh3+ 42. Ke2 Qxc3 {Accuracy: White = 46%, Black = 51%.} 0-1

[Event "XII Sabadell Open 2019"]
[Site "Sabadell"]
[Date "2019.09.10"]
[Round "9.7"]
[White "Cruz, Filemon"]
[Black "Quesada Vera, Liordis"]
[Result "1-0"]
[WhiteElo "2320"]
[BlackElo "2389"]
[Annotator "TA"]
[PlyCount "97"]
[EventDate "2019.09.01"]
[EventCountry "ESP"]
[SourceTitle "playchess.com"]
[Source "ChessBase"]
[SourceQuality "1"]

{[%evp 11,97,7,29,26,37,38,39,34,56,49,68,33,44,39,36,52,62,60,50,44,53,23,33,9,41,39,134,130,185,187,211,201,221,218,219,221,218,224,223,223,225,208,208,214,217,179,186,186,204,236,346,336,593,586,420,578,639,604,674,670,1121,1079,912,888,851,841,704,661,710,704,695,683,1016,659,931,931,1525,1458,29982,1829,6605,5820,29985,29986,29984,29985,29994,29995]} 1. c4 c5 2. Nc3 Nc6 3. g3 g6 4. Bg2 Bg7 5. a3 d6 6. Rb1 Bf5 7. d3 {A36: Symmetrical English vs ...g6: 4 Bg2 Bg7} Rc8 (7... Qd7 8. Bd2 h5 9. h3 Nf6 10. b4 O-O 11. e4 Be6 12. Nge2 Ne8 13. Be3 b6 14. Qd2 Nc7 {½-½ (89) Vocaturo,D (2607)-Tari,A (2578) Heraklio 2017}) 8. e4 Bd7 9. Nge2 {White is slightly better.} Nf6 10. b4 b6 11. h3 $146 (11. b5 $5 {[%cal Rb5c6]} Nd4 12. O-O $11) ({Predecessor:} 11. b5 Nd4 12. Nxd4 cxd4 13. Na2 O-O 14. O-O Ne8 {½-½ (23) Vaulin,A (2485)-Tosic,M (2465) Harkany 1996}) 11... O-O 12. O-O Ne8 13. b5 Na5 14. f4 f5 15. exf5 gxf5 16. Bb2 Nf6 17. Nd5 e6 18. Ne3 Rc7 ({Black should play} 18... d5 $14) 19. g4 $1 $16 fxg4 (19... Bc8 $16 20. Ng3 Ne8) 20. hxg4 $18 Bc8 21. Ng3 $1 Ne8 {[#] ...Bd4 would now be nice for Black.} 22. g5 $1 Rcf7 23. Nh5 Bd4 24. Bxd4 cxd4 25. Ng4 Kh8 26. Nh6 Rc7 27. Qe2 Ng7 28. Nxg7 Rxg7 29. Qe4 $36 {[%mdl 2048] White is in control.} Bb7 30. Qxe6 ({But not} 30. Qxd4 $2 Bxg2 31. Kxg2 e5 $19) 30... Rf6 (30... Bxg2 $142 31. Kxg2 Nb7) 31. Qh3 Qf8 $2 (31... Rf8 {is a better defense.} 32. Rbe1 d5 33. Bxd5 (33. Nf5 Bc8 $11) 33... Bxd5) 32. Rbe1 Bxg2 33. Kxg2 Rgg6 {Black hopes to continue with ...Nb3.} 34. Qh5 Nb3 {[%cal Rg6h6]} 35. f5 Qxh6 36. Re8+ Kg7 37. Qxh6+ Rxh6 38. Re7+ Kf8 39. gxf6 {[%mdl 4096] Endgame KRR-KRN} Nc5 40. Rf3 Rxf6 41. Rxh7 Ke8 42. Kg3 Nd7 43. Kf4 Rf8 44. Rfh3 Ne5 45. Ke4 (45. Rxa7 $142 Rg8 46. Ra8+ Kf7 47. Rh7+ Kf6 48. Rxg8 Nxd3+ {[#]} 49. Ke4 $1 {[%mdl 576] Double Attack} Nc5+ 50. Kxd4) 45... Ng4 46. Kxd4 Rxf5 47. Rxa7 {White mates.} Rf4+ 48. Kc3 Rf8 49. Rhh7 {Accuracy: White = 80%, Black = 32%.} 1-0

[Event "XII Sabadell Open 2019"]
[Site "Sabadell"]
[Date "2019.09.10"]
[Round "9.8"]
[White "Tovio, Israel"]
[Black "Umetsubo, Cesar Hidemitsu"]
[Result "1-0"]
[WhiteElo "2300"]
[BlackElo "2403"]
[Annotator "TA"]
[PlyCount "63"]
[EventDate "2019.09.01"]
[EventCountry "ESP"]
[SourceTitle "playchess.com"]
[Source "ChessBase"]
[SourceQuality "1"]

{[%evp 21,63,0,56,67,64,65,222,220,231,236,222,222,230,214,292,247,251,252,247,249,275,275,275,275,275,260,309,295,302,300,312,308,379,378,339,283,401,327,567,554,624,619,628,611]} 1. e4 c5 2. Nf3 e6 3. d3 Nc6 4. g3 Nf6 5. Bg2 d5 6. Nbd2 Be7 7. O-O O-O 8. Re1 b5 {[%cal Bb7b5,Bb5b4][%mdl 32]} 9. a4 b4 10. exd5 exd5 11. d4 c4 ({Black should try} 11... a5 $11) 12. Ne5 $1 $14 {[%cal Re5c6] C00: French: Unusual White 2nd moves} Nxd4 13. Ndxc4 {[%mdl 64] [#] Pin, Discovered Attack} Be6 $146 ({Better is} 13... Ne6 $1 $14) ({Predecessor:} 13... Ne6 14. Nc6 Qc7 15. Nxe7+ Qxe7 16. Bg5 Rd8 17. Na5 Qc7 18. Bxf6 gxf6 19. Nb3 Bb7 {1-0 (54) Har Zvi,R (2512)-Petrosian,T (2615) ICC INT 2008}) 14. Qxd4 $18 {Nc6 is the strong threat.White is clearly better.} dxc4 {[#]} 15. Qxd8 $1 Raxd8 16. Nc6 Rd7 {[#]} 17. Be3 $1 Bd5 18. Nxe7+ ({Weaker is} 18. Nxa7 Bxg2 19. Kxg2 Nd5 $16) 18... Rxe7 19. Bc5 Rxe1+ 20. Rxe1 Rb8 21. Bxa7 Ra8 {Threatens to win with ...Bxg2.} 22. Bxd5 Nxd5 {[%mdl 4096] Endgame KRB-KRN} 23. Re5 Nc7 24. Bb6 f6 25. Rc5 Ne6 26. Rc6 ({Resist} 26. Rxc4 $6 Rxa4 27. Kg2 Kf7 $18) 26... Ng5 27. a5 Nf3+ 28. Kg2 Ne5 (28... Ne1+ $142 29. Kf1 c3 30. bxc3 Nxc2) 29. Rc7 g5 $2 (29... b3) 30. f4 {White is clearly winning.} gxf4 31. gxf4 Ng4 32. h3 {Accuracy: White = 92%, Black = 23%.} 1-0

[Event "XII Sabadell Open 2019"]
[Site "Sabadell"]
[Date "2019.09.10"]
[Round "9.10"]
[White "Lever, Erwan"]
[Black "Gonzalez Rodriguez, Jorge A."]
[Result "0-1"]
[WhiteElo "2221"]
[BlackElo "2263"]
[Annotator "TA"]
[PlyCount "68"]
[EventDate "2019.09.01"]
[EventCountry "ESP"]
[SourceTitle "playchess.com"]
[Source "ChessBase"]
[SourceQuality "1"]

{[%evp 10,100,12,14,56,56,62,57,62,56,60,37,47,54,46,51,61,44,51,48,50,39,45,24,41,42,30,12,69,17,27,21,6,17,16,0,0,0,0,0,70,77,95,102,99,63,63,68,68,57,118,114,154,146,190,183,151,-8,0,-13,0,0,0,0,0,0,0,-244,0,0,0,0,0,0,0,0,0,0,0,-19,0,-306,-311,-1101,-1084,-1070,-1070,-6070,-5306,-5293,-2093,-5281,-5159]} 1. d4 Nf6 2. c4 e6 3. g3 d5 4. Nf3 b6 5. Bg2 Bb7 6. cxd5 Nxd5 {E16: Queen's Indian: 4 g3 Bb7 5 Bg2 Bb4+} (6... Bxd5 7. O-O Nbd7 8. Nc3 Bb7 9. Qc2 Be7 10. Nb5 c5 11. dxc5 Be4 12. Qc3 Nxc5 13. b4 Na6 14. a3 {½-½ (24) Alekseev,E (2636)-Moiseenko,V (2528) Sochi 2016}) 7. O-O Nd7 8. Re1 Bb4 {White is slightly better.} 9. Bd2 Bxd2 10. Nbxd2 O-O 11. e4 N5f6 12. e5 $146 ({Predecessor:} 12. Rc1 c5 13. e5 Nd5 {1-0 (32) Favarel,A (2363)-Arnaud,A (1663) Hourtin 2016}) 12... Nd5 13. Ne4 Ne7 14. Qd3 h6 15. Rac1 Rc8 16. h4 Bxe4 17. Qxe4 c5 18. Rcd1 Nd5 (18... c4 $11) 19. Bf1 ({White should try} 19. dxc5 $14 Nxc5 20. Qe2) 19... c4 $11 20. Rc1 b5 21. b3 {[%cal Rb3c4]} N7b6 22. bxc4 $40 {[%mdl 128] White attacks.} bxc4 23. Nd2 {[%cal Rd2c4]} c3 24. Nf3 f5 ({Black should play} 24... g6 $11) 25. exf6 $1 $14 Qxf6 26. Bh3 $1 {[%cal Rh3e6]} Rce8 (26... Qxf3 $2 27. Bxe6+ Kh8 28. Qxf3 $18) 27. Kg2 {[%cal Rh3e6]} Kh8 28. Rc2 Nc4 $1 {[%cal Rc4d2] ...Nd2! is the strong threat.} 29. Rce2 Re7 (29... Qf7 $14) 30. Bg4 $16 Rfe8 31. Qd3 $1 {[%cal Rd3c4]} Nb2 32. Qc2 $1 Nc4 33. Qb3 $2 ({Better is} 33. h5 $16) 33... Qg6 $1 $11 34. Qxc4 Qxg4 {Played: Nd5-f4} 0-1

[Event "XII Sabadell Open 2019"]
[Site "Sabadell"]
[Date "2019.09.10"]
[Round "9.11"]
[White "Vergara Jofre, Felipe"]
[Black "Vicient Calvo, Ramon"]
[Result "1-0"]
[WhiteElo "2343"]
[BlackElo "2155"]
[Annotator "TA"]
[PlyCount "87"]
[EventDate "2019.09.01"]
[EventCountry "ESP"]
[SourceTitle "playchess.com"]
[Source "ChessBase"]
[SourceQuality "1"]

{[%evp 16,87,42,42,42,26,35,35,31,-27,0,0,34,10,8,31,40,3,0,-15,-8,-16,-14,-14,85,118,388,382,341,137,124,63,63,63,63,63,63,68,68,68,70,70,70,70,67,59,76,93,87,78,81,77,97,104,112,104,106,111,172,183,188,180,579,584,584,583,576,571,566,566,553,552,517,480]} 1. e4 e5 2. Nf3 Nc6 3. Bb5 a6 4. Ba4 Nf6 5. O-O b5 6. Bb3 Bc5 7. c3 d6 8. d4 Bb6 9. a4 Bb7 {C78: Ruy Lopez: Archangelsk and Möller Defences} (9... Rb8 10. a5 Ba7 11. h3 O-O 12. Be3 Ra8 13. Nbd2 h6 14. Re1 Re8 15. Qc2 exd4 16. Nxd4 Nxd4 17. cxd4 c5 {1-0 (63) Saric,I (2689)-Maghsoodloo,P (2649) Batumi 2018}) 10. axb5 axb5 11. Rxa8 Qxa8 {White is slightly better.} 12. Na3 ({Better is} 12. d5 $14) 12... O-O 13. d5 Nb8 $146 ({Predecessor:} 13... Na7 14. Bc2 h6 15. Nh4 {0-1 (65) Berbatov,K (2392)-Lilov,V (2443) Blagoevgrad 2009}) 14. Bc2 Ba6 15. b4 c6 {[%cal Rc6d5]} 16. dxc6 Qxc6 17. Nh4 Qxc3 18. Nf5 Qxb4 19. Qf3 $1 {Hoping for Nxg7!} Bc8 {[#]} (19... Ne8 $11) 20. Nxg7 $1 $16 {[%mdl 512]} Nbd7 $2 {[%mdl 8192]} (20... Kxg7 $2 21. Bh6+ $1 {[%mdl 512]} Kg6 22. Bxf8 $18) (20... Ng4 $16) 21. Bh6 {Black must now prevent Nf5.} Kh8 {[#]} ({Avoid the trap} 21... Bc5 $2 22. Nf5 $18) 22. Nh5 (22. Nf5 $1 $18 {White threatens Bg7+ and mate.} Rg8 {[#]} 23. Nxb5 $1 {[%mdl 512]}) 22... Nxh5 23. Qxh5 (23. Bxf8 $16 Nxf8 24. Qxf7 (24. Qxh5 Kg8 $11)) 23... Rg8 $14 24. Qxf7 {And now Bb3 would win.} Bd8 $1 ({Not} 24... Qxa3 $2 25. Bb3 $18) 25. Qb3 Qxb3 26. Bxb3 Rg6 27. Be3 Nc5 28. Bxc5 dxc5 29. Rd1 Be7 {aiming for ...Bg4.} 30. Nxb5 Kg7 31. f3 Bh3 {Strongly threatening ...c4.} 32. g3 h5 33. Kf2 Rb6 34. Bc4 Ra6 35. Nc3 Ra3 36. Nd5 Be6 (36... Bg5 $16 {might work better.}) 37. Nxe7 $18 Bxc4 {[%mdl 4096] Endgame KRB-KRN} 38. Nf5+ Kf8 $2 (38... Kf6 39. Rd6+ Kf7) 39. Rd8+ {White is clearly winning.} Kf7 {intending ...Ra2+.} 40. Nd6+ {[%mdl 64] Double Attack} Ke7 {Threatens to win with ...Ba6.} 41. Nxc4 Rc3 42. Rd5 Rxc4 43. Rxe5+ {[%mdl 64] Double Attack} Kd6 44. Rxh5 {Accuracy: White = 68%, Black = 36%.} 1-0